Quizzes
Events
Quiz Creation
Community
Videos
Private Events
Remove Ads
Sign In
Join for FREE
Feedback
Dark Mode
Quiz Categories
Sports
Geography
Music
Movies
Television
Just For Fun
Miscellaneous
History
Literature
Language
Science
Gaming
Entertainment
Religion
Holiday
For Kids
Quiz Lab
Recent
Popular Today
Quiz Kudos Today
Editor Picks
Curator Picks
Quizzes by...
Day
Popularity
Type
Ratings
Length
Year
Community
Subscriptions
Recent Discussions
Orange Saloon
Badges
Playlists
Quests
Create
Leaderboards
Showdown
Live 5
Trivia Bingo
Activity
Puzzle Library
Sporcle Events
Private Events
Virtual Trivia
Globe League
Become a Host
Pub Owners
SporcleCon
Opinionation
Our Games
Videos
Blog
Mobile Apps
Partnerships
Remove Ads and Go Orange
Feedback
Geography
Country
Landmarks
City
State
Population
World
Capital
Continent
Flags
Europe
Africa
Asia
South America
North America
Oceania
Border
Canada
United Kingdom
Topography
United States
Geography
Country
Landmarks
City
State
Population
World
Capital
Continent
Flags
Europe
Africa
Asia
South America
North America
Oceania
Border
Canada
United Kingdom
Topography
United States
Random Quiz
Search Sporcle
×
Quiz Lab
Quiz Lab
Geography
Country
Type in answers that appear in a list
Type in answers that appear in a list
Classic
Best Score? Go Orange.
Most Guessed Countries META VERSION Stats
Can you name the Most Guessed Countries in the 'Most Guessed Countries' Quiz?
By
MileHiJo
2m
15 Questions
844 Plays
844 Plays
844 Plays
Comments
Comments
Give Quiz Kudos
Give Quiz Kudos
-
- Ratings
hide this ad
More Info
Replay
Link that replays current quiz
Next Quiz
Link to next quiz in quiz playlist
You Got
0%
They Got
Avg Score
97%
Avg Friend Score
Upgrade to see
Score Distribution
Jump to the score distribution portion of the page
Score
0/15
Timer
02:00
0
Plays Today
% Guessed Correctly
Country
% Correct
99.5%
United States
99.9%
99.2%
Canada
99.4%
97.7%
France
98.9%
99%
China
98.8%
98.9%
Mexico
98.8%
98.2%
Brazil
98.7%
97.4%
Australia
98.3%
97.9%
United Kingdom
97.9%
% Guessed Correctly
Country
% Correct
97.3%
South Africa
95.7%
97%
Russia
95.4%
97%
Russia
95.4%
96.1%
Argentina
95%
95.4%
Egypt
94.9%
95.2%
New Zealand
94.8%
94.4%
Chile
94.2%
Quiz Playlist
Details
Report
Send in Message
Add To Playlist
More Info:
Name the most guessed countries in the "Most Correctly Guessed Countries (on Sporcle)" quiz, found at the source link.
Classic:
Type in answers that appear in a list
Quiz Source
Last Updated: Jun 5, 2017
Quiz Scoreboard
CHALLENGE
Sign Up to Join the Scoreboard
Show All
Scores
Hide
Comments
May contain spoilers
Recently Published
Decade Duel: World Leaders
by jenniferyan
History
4m
Alphabetical 'K' Countries by Flag Minefield
by ylime102
Geography
3m
Pick 6: Fruits
by JohnFran
Miscellaneous
15s
More to Explore
Quiz From the Vault
Featured Blog Post
15 Basketball Trivia Facts You Can Be March Mad About
hide this ad
You Might Also Like...
Tags
Continent Quiz
Country Quiz
meta
Version
Today's Top Quizzes in Geography
Browse Geography
hide this ad
Today's Top Quizzes in Country
Browse Country
Top Contributed Quizzes in Geography
1
Countries of the World - No Outlines Minefield
2
Pick 6: Mountains
3
Least Populated Answer: 'G' Countries
4
Alphabetical 'L' Countries By Flag Minefield
5
Lietuvos savivaldybės (Lithuanian Municipalities)
6
Alphabetical 'M' Countries By Flag Minefield
7
Pick 6: National Parks
8
Pick 6: US States
9
'A' Countries In Alphabetical Order by Flag
10
African Flag Reveal XXXVI
Explore More
Trending Topics
Marvel
NBA
Kpop
Crossword
Anime
Disney
Harry Potter
Soccer
Song
Pokémon
WWE
Puzzle
Country
The Office
NFL
hide this ad
More By:
MileHiJo
Quiz
Plays
Rating
Category
Featured
Created
Double Letter States
217,714
4.33
Geography
Oct 2, 2009
Most Populous City by Time Zone
135,539
4.66
Geography
Oct 7, 2009
Summer Medal Countries
86,105
4.76
Sports
Oct 9, 2009
Countries with the Most Olympic Medals
975
3.73
Sports
Oct 6, 2009
Most Guessed Countries META VERSION
844
3.94
Geography
May 5, 2010
Go to Creator's Profile
Score Distribution
Quiz Creator Spotlight
MileHiJo
Follow
Send a Message
Quizzes Created
-
Created Quiz Play Count
-
More By This Creator
Popular Quizzes Today
1
Countries of Asia Without Outlines Minefield
2
Find the US States - No Outlines Minefield
3
Pick 6: Fruits
4
Alphabetical 'K' Countries by Flag Minefield
5
The Countries of the World
6
Find the Countries of Europe - No Outlines Minefield
7
Find the US States
8
US States
More Geography Quizzes
Prove You Aren't a Robot - 'B' Countries of Europe
Published
Trending Quizzes
Pick 6: Mountains
Pick 6: Harry Potter
Pick 6: Flags
Pick 6: NFL Teams
Pick 6: Movie Franchises
Recently Updated
NWSL Teams
pecheneg
Women's Final Four Teams by Year
bhenderson79
Presidents Quartet II
eogle
Anything But Clue(do)
eogle
Anything But Oceanian Capitals
eogle
Anything But 7
eogle
Anything But Thing
eogle
Word Ladder: February 29
pecheneg
Song Title Questions
pecheneg
Women's NCAA Tournament #1 Seeds
pecheneg
Trending Topics
Harry Potter
NBA
Disney
Crossword
Anime
Marvel
Kpop
The Office
NFL
Puzzle
Country
WWE
Song
Soccer
Pokémon
Your Account Isn't Verified!
In order to create a playlist on Sporcle, you need to verify the email address you used during registration. Go to your
Sporcle Settings
to finish the process.
Report this User
Report this user for behavior that violates our
Community Guidelines
.
Details:
Send Report
Go to the Sporcle.com Mobile Site →
Comments